00640nam a2200205Ia 4500008004100000050001300041050001500054100002000069245008600089245007500175260003100250260001000281260001000291300001500301300002000316300001100336500005600347521001200403999001900415170504s9999 xx 000 0 und d aHF 5823  b.H668 2016 aAbangon, Jalia. aTourism development plan to nimonate Intramuros as a UNESCO world heritage site / cJalia Abangon, Masanori Hiraoka, Frances Faye Felix, Margharette Sara. aLas Piñas, Philippines : bSISC, c2016. a73 pages : billustrations ; c28 cm. aIncludes bibliographical references and appendices. aTourism c329726d329726